Female husbands (Record no. 4519)

MARC details
000 -CABECERA
campo de control de longitud fija 03478cam a2200325 a 4500
001 - NÚMERO DE CONTROL
campo de control 9616717
003 - IDENTIFICADOR DEL NÚMERO DE CONTROL
campo de control CaAEU
005 - FECHA Y HORA DE LA ÚLTIMA TRANSACCIÓN
campo de control 20250311142224.0
008 - DATOS DE LONGITUD FIJA--INFORMACIÓN GENERAL
campo de control de longitud fija 190906t20202020enka b 001 0 eng
010 ## - NÚMERO DE CONTROL DE LA BIBLIOTECA DEL CONGRESO
Número de control de LC 2019038186
020 ## - NÚMERO INTERNACIONAL ESTÁNDAR DEL LIBRO
Número Internacional Estándar del Libro 9781108718271
Información calificativa paperback
035 ## - NÚMERO DE CONTROL DEL SISTEMA
Número de control de sistema on1107853827
040 ## - FUENTE DE LA CATALOGACIÓN
Centro catalogador/agencia de origen DLC
Lengua de catalogación eng
Normas de descripción rda
Centro/agencia transcriptor DLC
Centro/agencia modificador OCLCO
-- OCLCF
-- BDX
-- OCLCA
-- UKMGB
-- ERASA
-- NZAUC
-- YDX
-- MNW
-- CLU
-- CHVBK
-- OCLCO
-- NYP
-- GYG
-- AEKC
042 ## - CÓDIGO DE AUTENTICACIÓN
Código de autenticación pcc
050 00 - SIGNATURA TOPOGRÁFICA DE LA BIBLIOTECA DEL CONGRESO
Número de clasificación HQ77.9
Número de documento/Ítem .M26 2020
100 ## - ENTRADA PRINCIPAL--NOMBRE DE PERSONA
Nombre de persona Manion, Jen,
Fechas asociadas al nombre 1974-
Término indicativo de función/relación author.
245 10 - MENCIÓN DE TÍTULO
Título Female husbands
Resto del título : a trans history
Mención de responsabilidad, etc. / Jen Manion.
264 #1 - PRODUCCIÓN, PUBLICACIÓN, DISTRIBUCIÓN, FABRICACIÓN Y COPYRIGHT
Producción, publicación, distribución, fabricación y copyright Cambridge, United Kingdom ;
-- New York, NY :
Nombre del de productor, editor, distribuidor, fabricante Cambridge University Press,
Fecha de producción, publicación, distribución, fabricación o copyright [2020].
264 #4 - PRODUCCIÓN, PUBLICACIÓN, DISTRIBUCIÓN, FABRICACIÓN Y COPYRIGHT
Fecha de producción, publicación, distribución, fabricación o copyright ©2020.
300 ## - DESCRIPCIÓN FÍSICA
Extensión xi, 342 pages :
Otras características físicas illustrations (black and white) ;
Dimensiones 24 cm.
504 ## - NOTA DE BIBLIOGRAFÍA, ETC.
Nota de bibliografía, etc. Includes bibliographical references and index.
505 ## - NOTA DE CONTENIDO CON FORMATO
Nota de contenido con formato Introduction: extraordinary lives — <br/>Part I — UK Husbands, 1740–1840 <br/>— The first female husband <br/>— The pillar of the community <br/>— The sailors and soldiers <br/>— The wives <br/>Part II — US Husbands, 1830–1910 <br/>— The workers <br/>— The activists <br/>— The criminalized poor <br/>— The end of a category <br/>— Conclusion — sex trumps gender <br/>— Epilogue — the first female-to-male transsexual
520 ## - SUMARIO, ETC.
Sumario, etc. "Long before people identified as transgender or lesbian, there were female husbands and the women who loved them. Female husbands- people assigned female who transed gender, lived as men, and married women- were true queer pioneers. Moving deftly from the colonial era to just before World War I, Jen Manion uncovers the riveting and very personal stories of ordinary people who lived as men despite tremendous risk, danger, and threat of violence. Female Husbands weaves the story of their lives in relation to broader social, economic, and political developments in the United States and the United Kingdom while also exploring how attitudes toward female husbands shifted in relation to transformations in gender politics and women's rights, ultimately leading to the demise of the category of "female husband" in the early twentieth century. Female Husbands offers a dynamic, varied, and complex history of the LGBTQ past."--book jacket
520 ## - SUMARIO, ETC.
Sumario, etc. "In 1746, Charles Hamilton of Glastonbury, England found what they were looking for - Mary, a curious young woman who was taken by their charms. With the approval of the girl's aunt, the pair were joined in marriage and set off on a honeymoon. Hamilton had little money and no family. But they were resourceful, determined, and charismatic. They offered Mary companionship and adventure. As someone who was assigned female at birth, Hamilton became known as a female husband. Nearly one hundred years later and across the Atlantic, the Journal of Commerce ran a story called, "Extraordinary Case of a Female Husband." Scottish immigrant George Wilson was found passed out on the streets of New York's Lower East Side. A policeman took them into the station. Wilson was just another poor laborer who drank too much after a long day of work. But as someone who was raised as a girl and now lived as a man, they were incredibly vulnerable to harassment, violence, and punishment at the hands of the authorities"--
Fuente proveedora Provided by publisher.
650 #0 - PUNTO DE ACCESO ADICIONAL DE MATERIA--TÉRMINO DE MATERIA
Término de materia o nombre geográfico como elemento de entrada Female-to-male transsexuals
Subdivisión general History.
650 #0 - PUNTO DE ACCESO ADICIONAL DE MATERIA--TÉRMINO DE MATERIA
Término de materia o nombre geográfico como elemento de entrada Transgender men
Subdivisión general History.
650 #0 - PUNTO DE ACCESO ADICIONAL DE MATERIA--TÉRMINO DE MATERIA
Término de materia o nombre geográfico como elemento de entrada Husbands
Subdivisión general History.
650 #0 - PUNTO DE ACCESO ADICIONAL DE MATERIA--TÉRMINO DE MATERIA
Término de materia o nombre geográfico como elemento de entrada Gender nonconformity.
Subdivisión general History.
942 ## - ELEMENTOS DE ENTRADA AGREGADA (KOHA)
Fuente del sistema de clasificación o colocación Clasificación de Library of Congress
Holdings
Estado de retiro Estado de pérdida Fuente del sistema de clasificación o colocación Estado dañado No para préstamo Biblioteca de origen Biblioteca actual Fecha de adquisición Total de préstamos Signatura topográfica completa Código de barras Fecha visto por última vez Número de copia Precio válido a partir de Tipo de ítem Koha
    Clasificación de Library of Congress     TBS Barcelona TBS Barcelona 11/03/2025   HQ77.9 MAN B05769 11/03/2025 1 11/03/2025 Book

Powered by Koha